000 01114nam a2200229Ii 4500
003 JO-AjNU
008 230605s9999||||xx |||||||||||||| ||und||
017 _a2008/1/174
020 _a9957-16-385-3
040 _aJO-AjNU
_bara
_erda
_cJO-AjNU
041 _aara
050 1 4 _aHV6773.3.J6. K435 2009
100 3 _aالخلايلة، عايد رجا,
_eauthor
_912520
245 0 0 _aالمسؤولية التقصيرية الالكترونية : المسؤولية الناشئة عن اساءة استخدام اجهزة الحاسوب والانترنت : دراسة مقارنة
250 _aط1
264 3 1 _aعمان: دار الثقافة للنشر والتوزيع، 2009
300 _a368ص
_bاصل هذا الكتاب رسالة دكتوراة باشراف الدكتور محمد يوسف الزعبي قي جامعة عمان العربية، يحتوي على ببلوغرافية من 353-368ص
336 _atext
_btxt
_2rdacontent
337 _aunmediated
_bn
_2rdamedia
338 _avolume
_bnc
_2rdacarrier
650 4 _aجرائم الحاسبات الالكترونية - الاردن
_912521
999 _aA2877
_c6445
_d6445